US States Unscramble 2 - Statistics

General Stats
  • This quiz has been taken 56 times
  • The average score is 23 of 25
Answer Stats
Scrambled Form State % Correct
rznaioa Arizona
98%
ofancairil California
98%
ykkeucunt Kentucky
96%
jeewneyrs New Jersey
96%
nesstenen Tennessee
96%
tuha Utah
96%
ainigriv Virginia
96%
fodairl Florida
93%
siililon Illinois
93%
aidnani Indiana
93%
ssimiruo Missouri
93%
anotamo Montana
93%
greono Oregon
93%
gywinmo Wyoming
93%
mnoeixew New Mexico
91%
omahalko Oklahoma
91%
ontwaihsgn Washington
91%
braksnea Nebraska
89%
npeswhhiarme New Hampshire
89%
kroewyn New York
87%
dnoarktohat North Dakota
87%
casoailnrotuoh South Carolina
87%
ylarnadm Maryland
84%
amitnonse Minnesota
73%
dednaohlris Rhode Island
58%
No matching quizzes found
Score Distribution
Percent of People with Each Score
Percentile by Number Answered
Your Score History
You have not taken this quiz